| 000 | 00462nam a2200157Ia 4500 | ||
|---|---|---|---|
| 008 | 220204s9999 xx 000 0 und d | ||
| 082 |
_a632.913:061.31978 _bPRO |
||
| 245 | 0 | _aProceedings of the plant protection conference, 1978, Kuala Lumpur | |
| 260 |
_aKuala Lumpur _bRRIM _c1978 |
||
| 650 | _aColletotrichum gloeosporiodes | ||
| 650 | _aCrop protection | ||
| 650 | _aLegume crop disease | ||
| 650 | _aThermal fogging | ||
| 700 | _aAmin, L L | ||
| 942 | _cBK | ||
| 999 |
_c44981 _d44981 |
||